Statystyki dla Beteo - tracki

Kliknij tutaj aby rozwiązać quiz!

Ogólne statystyki

  • Ten quiz został rozwiązany 24 razy
  • Średni wynik to 17 z 36

Statystyki odpowiedzi

HintOdpowiedź% Poprawnych
hoodie
100%
bejbi
82%
meow
76%
aquapark
65%
czego?!
65%
głupio wyszło
65%
money talk
65%
nowe auta
65%
nowy pop
65%
popstar & rockstar
65%
por favor
65%
widok block
65%
juice
59%
benzo
53%
lay low
53%
co rozk*rwia głowę
47%
HOODIEjegomość
47%
pięć koła
47%
domki na drzewach
41%
NOWY POPja
41%
kocha, nie kocham
41%
wszystkie nasze byłe
41%
przejazd
35%
ty
35%
jest si
29%
paradise
29%
rollercoaster
29%
znasz mnie?
29%
besos
24%
nie wiesz nic
24%
co i jak
18%
guala
18%
italia
18%
BEJBIpaw
18%
ruchy
18%
tańcz
18%

Rozkład punktacji

Percentyl według liczby udzielonych odpowiedzi

Procent ludzi z każdym wynikiem

Twoja historia wyników

Nie rozwiązałeś tego quizu